Paris et ses quartiers - Statistiques

Statistiques générales
  • Ce quiz a été pris 44 fois
  • Le résultat moyen est 37 sur 180
Statistiques - réponses
Question Tuile Select % Correct
2e arrondissement GAILLON Non
82%
2e arrondissement MAIL Non
77%
1er arrondissement SAINT-GERMAIN-L'AUXERROIS Non
72%
4e arrondissement ARSENAL Non
64%
2e arrondissement VIVIENNE Non
64%
1er arrondissement PLACE VENDOME Non
62%
4e arrondissement SAINT-GERVAIS Non
62%
2e arrondissement BONNE-NOUVELLE Non
59%
19e arrondissement COMBAT Non
56%
18e arrondissement GRANDES-CARRIERES Non
56%
6e arrondissement MONNAIE Non
56%
3e arrondissement SAINTE-AVOYE Non
56%
19e arrondissement AMERIQUE Non
51%
11e arrondissement SAINTE-MARGUERITE Non
51%
5e arrondissement SAINT-VICTOR Non
51%
3e arrondissement ENFANTS-ROUGES Non
49%
7e arrondissement GROS-CAILLOU Non
49%
12e arrondissement QUINZE-VINGTS Non
49%
10e arrondissement SAINT-VINCENT-DE-PAUL Non
49%
13e arrondissement CROULEBARBE Non
46%
13e arrondissement GARE Non
46%
15e arrondissement SAINT-LAMBERT Non
46%
7e arrondissement SAINT-THOMAS-D'AQUIN Non
44%
5e arrondissement VAL-DE-GRACE Non
44%
16e arrondissement CHAILLOT Non
41%
8e arrondissement EUROPE Non
41%
8e arrondissement FAUBOURG-DU-ROULE Non
41%
9e arrondissement FAUBOURG-MONTMARTRE Non
41%
11e arrondissement FOLIE-MERICOURT Non
41%
10e arrondissement PORTE SAINT-DENIS Non
41%
4e arrondissement SAINT-MERRI Non
41%
3e arrondissement ARCHIVES Non
38%
17e arrondissement EPINETTES Non
38%
1er arrondissement LES HALLES Non
38%
2e arrondissement PLACE VENDOME Oui
38%
9e arrondissement ROCHECHOUART Non
38%
9e arrondissement SAINT-GEORGES Non
38%
19e arrondissement BELLEVILLE Oui
36%
2e arrondissement LES HALLES Oui
36%
15e arrondissement NECKER Non
36%
10e arrondissement PORTE SAINT-MARTIN Non
36%
20e arrondissement CHARONNE Non
33%
18e arrondissement FAUBOURG-MONTMARTRE Oui
33%
1er arrondissement PALAIS-ROYAL Non
33%
14e arrondissement PETIT MONTROUGE Non
33%
12e arrondissement PICPUS Non
33%
20e arrondissement SAINT-FARGEAU Non
33%
12e arrondissement BEL-AIR Non
31%
10e arrondissement HOPITAL-SAINT-LOUIS Non
31%
19e arrondissement PONT DE FLANDRE Non
31%
16e arrondissement PORTE DAUPHINE Non
31%
18e arrondissement GOUTTE D'OR Non
28%
5e arrondissement JARDIN-DES-PLANTES Non
28%
4e arrondissement NOTRE-DAME Non
28%
6e arrondissement NOTRE-DAME-DES-CHAMPS Non
28%
8e arrondissement MADELEINE Non
26%
14e arrondissement MONTPARNASSE Non
26%
6e arrondissement ODEON Non
26%
20e arrondissement PERE-LACHAISE Non
26%
13e arrondissement SALPETRIERE Non
26%
17e arrondissement TERNES Non
26%
20e arrondissement BELLEVILLE Non
23%
7e arrondissement INVALIDES Non
23%
15e arrondissement JAVEL Non
23%
13e arrondissement MAISON-BLANCHE Non
23%
17e arrondissement PLAINE DE MONCEAUX Non
23%
11e arrondissement ROQUETTE Non
23%
6e arrondissement SAINT-GERMAIN-DES-PRES Non
23%
3e arrondissement ARTS-ET-METIERS Non
21%
7e arrondissement ECOLE MILITAIRE Non
21%
9e arrondissement EUROPE Oui
21%
5e arrondissement SORBONNE Non
21%
1er arrondissement ARCHIVES Oui
18%
16e arrondissement AUTEUIL Non
18%
8e arrondissement CHAMPS-ELYSEES Non
18%
9e arrondissement CHAUSSEE D'ANTIN Non
18%
10e arrondissement FOLIE-MERICOURT Oui
18%
12e arrondissement GARE Oui
18%
15e arrondissement GRENELLE Non
18%
14e arrondissement PLAISANCE Non
18%
11e arrondissement SAINT-AMBROISE Non
18%
3e arrondissement SAINT-VINCENT-DE-PAUL Oui
18%
19e arrondissement VILLETTE Non
18%
17e arrondissement BATIGNOLLES Non
15%
18e arrondissement CLIGNANCOURT Non
15%
19e arrondissement GOUTTE D'OR Oui
15%
3e arrondissement INVALIDES Oui
15%
16e arrondissement MUETTE Non
15%
13e arrondissement SAINT-AVOYE Oui
15%
4e arrondissement SORBONNE Oui
15%
6e arrondissement SORBONNE Oui
15%
1er arrondissement ARSENAL Oui
13%
18e arrondissement CHAPELLE Non
13%
1er arrondissement GARE Oui
13%
20e arrondissement GRANDES-CARRIERES Oui
13%
11e arrondissement NECKER Oui
13%
2e arrondissement ODEON Oui
13%
14e arrondissement PARC DE MONTSOURIS Non
13%
13e arrondissement PETIT-MONTROUGE Oui
13%
10e arrondissement PICPUS Oui
13%
10e arrondissement ROCHECHOUART Oui
13%
1er arrondissement ARTS-ET-METIERS Oui
10%
16e arrondissement BATIGNOLLES Oui
10%
7e arrondissement BEL-AIR Oui
10%
5e arrondissement ECOLE MILITAIRE Oui
10%
2e arrondissement ENFANTS-ROUGES Oui
10%
19e arrondissement EPINETTES Oui
10%
15e arrondissement FOLIE-MERICOURT Oui
10%
18e arrondissement PERE LACHAISE Oui
10%
15e arrondissement PLAISANCE Oui
10%
1er arrondissement SAINT-MERRI Oui
10%
4e arrondissement SAINT-THOMAS-D'AQUIN Oui
10%
6e arrondissement VAL-DE-GRACE Oui
10%
10e arrondissement ARSENAL Oui
8%
17e arrondissement AUTEUIL Oui
8%
15e arrondissement CHAILLOT Oui
8%
8e arrondissement ECOLE MILITAIRE Oui
8%
16e arrondissement EPINETTES Oui
8%
3e arrondissement FOLIE-MERICOURT Oui
8%
11e arrondissement MAISON-BLANCHE Oui
8%
19e arrondissement MAISON-BLANCHE Oui
8%
5e arrondissement MONNAIE Oui
8%
16e arrondissement MONTPARNASSE Oui
8%
17e arrondissement MUETTE Oui
8%
10e arrondissement NOTRE-DAME-DES-CHAMPS Oui
8%
4e arrondissement PALAIS-ROYAL Oui
8%
5e arrondissement PALAIS-ROYAL Oui
8%
2e arrondissement QUINZE-VINGTS Oui
8%
9e arrondissement SAINTE-MARGUERITE Oui
8%
3e arrondissement SAINT-GERMAIN-L'AUXERROIS Oui
8%
16e arrondissement TERNES Oui
8%
17e arrondissement AMERIQUE Oui
5%
12e arrondissement ARTS-ET-METIERS Oui
5%
15e arrondissement AUTEUIL Oui
5%
12e arrondissement BERCY Non
5%
9e arrondissement CROULEBARBE Oui
5%
5e arrondissement ENFANTS-ROUGES Oui
5%
7e arrondissement FAUBOURG-MONTMARTRE Oui
5%
8e arrondissement FOLIE-MERICOURT Oui
5%
4e arrondissement GAILLON Oui
5%
12e arrondissement GRENELLE Oui
5%
9e arrondissement GROS-CAILLOU Oui
5%
14e arrondissement GROS-CAILLOU Oui
5%
14e arrondissement HOPITAL-SAINT-LOUIS Oui
5%
6e arrondissement INVALIDES Oui
5%
11e arrondissement LES HALLES Oui
5%
7e arrondissement PALAIS-ROYAL Oui
5%
7e arrondissement PICPUS Oui
5%
11e arrondissement PORTE SAINT-DENIS Oui
5%
13e arrondissement PORTE SAINT-MARTIN Oui
5%
13e arrondissement ROCHECHOUART Oui
5%
4e arrondissement SAINT-GEORGES Oui
5%
6e arrondissement SAINT-MERRI Oui
5%
13e arrondissement SORBONNE Oui
5%
18e arrondissement VILLETTE Oui
5%
20e arrondissement AMERIQUE Oui
3%
6e arrondissement ARTS-ET-METIERS Oui
3%
14e arrondissement BEL-AIR Oui
3%
19e arrondissement BERCY Oui
3%
18e arrondissement CHARONNE Oui
3%
14e arrondissement FAUBOURG-DU-ROULE Oui
3%
3e arrondissement GAILLON Oui
3%
15e arrondissement GARE Oui
3%
18e arrondissement GARE Oui
3%
5e arrondissement GROS-CAILLOU Oui
3%
8e arrondissement INVALIDES Oui
3%
17e arrondissement JAVEL Oui
3%
9e arrondissement MONNAIE Oui
3%
12e arrondissement MONNAIE Oui
3%
7e arrondissement ODEON Oui
3%
8e arrondissement ODEON Oui
3%
11e arrondissement ODEON Oui
3%
8e arrondissement SAINT-AMBROISE Oui
3%
17e arrondissement SAINT-AVOYE Oui
3%
12e arrondissement SAINT-GEORGES Oui
3%
20e arrondissement SAINT-GEORGES Oui
3%
20e arrondissement SAINT-VICTOR Oui
3%
16e arrondissement SALPETRIERE Oui
3%
14e arrondissement NECKER Oui
0%
20e arrondissement TERNES Oui
0%
Aucun quiz correspondant
Distribution des résultats
% des personnes avec chaque résultat
Percentile par nombre de réponses
Votre historique - résultats
Vous n’avez pas pris ce quiz